Statistics for All train stations in West Yorkshire

Click here to take the quiz!

General Stats

  • This quiz has been taken 23 times
  • The average score is 35 of 69

Answer Stats

GroupAnswer% Correct
Huddersfield lineLeeds
100%
Huddersfield lineHuddersfield
94%
Calder Valley lineBradford Interchange
88%
Calder Valley lineHalifax
88%
Huddersfield lineDewsbury
82%
Calder Valley lineHebden Bridge
82%
Airedale lineKeighley
82%
Airedale lineShipley
82%
Huddersfield lineBatley
76%
Airedale lineBingley
76%
Hallam lineCastleford
76%
Wakefield lineWakefield Westgate
76%
Airedale lineBradford Forster Square
71%
Wharfedale lineIlkley
71%
Calder Valley lineNew Pudsey
71%
Huddersfield lineMorley
65%
Calder Valley lineBrighouse
59%
Huddersfield lineCottingley
59%
Selby lineGarforth
59%
Harrogate lineHeadingley
59%
Huddersfield lineMirfield
59%
Airedale lineSaltaire
59%
Calder Valley lineTodmorden
59%
Selby lineCross Gates
53%
Harrogate lineHorsforth
53%
Calder Valley lineMytholmroyd
53%
Hallam lineNormanton
53%
Calder Valley lineSowerby Bridge
53%
Hallam lineWakefield Kirkgate
53%
Calder Valley lineBramley
47%
Harrogate lineBurley Park
47%
Pontefract lineFeatherstone
47%
Airedale lineKirkstall Forge
47%
Pontefract lineKnottingley
47%
Calder Valley lineLow Moor
47%
Huddersfield lineMarsden
47%
Huddersfield lineSlaithwaite
47%
Airedale lineApperley Bridge
41%
Wharfedale lineBaildon
41%
Wharfedale lineBurley-in-Wharfedale
41%
Penistone lineDenby Dale
41%
Selby lineEast Garforth
41%
Wharfedale lineMenston
41%
Dearne Valley linePontefract Baghill
41%
Pontefract linePontefract Monkhill
41%
Huddersfield lineRavensthorpe
41%
Hallam lineWoodlesford
41%
Wharfedale lineBen Rhydding
35%
Penistone lineBerry Brow
35%
Huddersfield lineDeighton
35%
Airedale lineFrizinghall
35%
Pontefract lineGlasshoughton
35%
Wharfedale lineGuiseley
35%
Penistone lineHonley
35%
Selby lineMicklefield
35%
Wakefield lineOutwood
35%
Pontefract linePontefract Tanshelf
35%
Penistone lineShepley
35%
Calder Valley lineWalsden
35%
Penistone lineBrockholes
29%
Airedale lineCrossflatts
29%
Wakefield lineFitzwilliam
29%
Penistone lineLockwood
29%
Wakefield lineMoorthorpe
29%
Wakefield lineSouth Elmsall
29%
Airedale lineSteeton & Silsden
29%
Wakefield lineSandal & Agbrigg
24%
Penistone lineStocksmoor
24%
Pontefract lineStreethouse
24%

Score Distribution

Percentile by Number Answered

Percent of People with Each Score

Your Score History

You have not taken this quiz